| 000 | 01048nam a2200241Ia 4500 | ||
|---|---|---|---|
| 003 | OSt | ||
| 005 | 20220923213257.0 | ||
| 006 | a|||||r|||| 00| 0 | ||
| 007 | ta | ||
| 008 | 220922b |||||||| |||| 00| 0 hin d | ||
| 024 | _a160,402 | ||
| 037 | _cTextual | ||
| 040 |
_aARTS _cARTS _bhin |
||
| 041 |
_2hin _ahin |
||
| 082 | _aO152,1:gN5, K8 | ||
| 100 | _aगुप्त, शान्तिस्वरूप | ||
| 245 | 0 | _aहिन्दी काव्य के आलोक-स्तम्भःहिन्दी काव्य की सुप्रसिद्ध कृतियों की संतुलित समीक्षा | |
| 246 | _aHindī kāvya ke āloka-stambhahhindī kāvya kī suprasiddha kṛutiyoan kī santulit samīkṣhā | ||
| 260 |
_aदिल्ली _b अशोक प्रकाशन _c1968 |
||
| 650 |
_aहिन्दी साहित्य _9156264 |
||
| 942 |
_hO152,1:gN5, K8 _cTEXL _2CC |
||
| 999 |
_c315149 _d315149 |
||